000 00644nam a2200193 4500
999 _c171660
_d171660
005 20210217121341.0
010 _aENG-127449
020 _a9789382730606
_c1395.00
035 _aEN-110981
037 _bDBAD/PUB
082 _a370.1
100 _aTambe,Shashikant L
245 _aPhilosophy of Education /
_cby Shashikant L Tambe
260 _aKanpur
_bGarima Prakashan
_c2018
270 _a1st floor,.Mayur Park,Basant Vihar Naubasta, Kanpur-21
_bKanpur
_e208021
_mgarima.prakashan@gmail.com
300 _aViiii;336p.
_c23cm(hb)
500 _aincludes bibliographical references and index
942 _2ddc
_cEN
_h370.1
_mTAM